00858 2200313 4500001002100000005001500021035002000036007000300056040001700059100003400076245007200110250001000182300003400192020001800226041000800244082001200252090002100264264004400285336002100329337003000350338002300380650001800403850001000421008004100431504002400472990001600496990001600512990001600528INLIS00000000000909720260427113403 a0010-1122000056ta aSBPUPADbind0 aKemas Ali HanafiahePengarang1 aBiologi Tanah Ekologi dan Makrobiologi Tanah /cKemas Ali Hanafiah; acet.4 axvi, 166 hlm :bilus ;c21 cm a979-3654-40-60 aind a578.757 a613.2 RIT s 17-7 aDepok :bPT Rajagrafindo Persada,c2013 2rdacontentateks 2rdamediaatanpa perantara 2rdacarrieravolume 4aBiologi Tanah aPUPAD260427 0  aBiblografi, hlm 157 a14455/BR-14 a14457/BR-14 a14454/BR-14